000 00291nam a22001217a 4500
008 241207b |||||||| |||| 00| 0 eng d
041 _aEng
245 _aReader's Digest
260 _aDelhi
_bIndia Today Group
_c2024
300 _a132;. P.
856 _uwww.readersdigest.in
942 _cSR
_s1
999 _c43165
_d43165